General knowledge quiz #4 - Statistics

General Stats
  • This quiz has been taken 66 times
  • The average score is 11 of 20
Answer Stats
Hint Answer % Correct
The biggest land animal Elephant
100%
Italian plumber who cant stop making Nintendo money Mario
95%
Sport played in a pool where you try to throw a ball into a net Waterpolo
78%
What is known as black gold Oil
76%
How many dots appear on one dice 21
72%
Author of the lord of the rings(just the last name) Tolkien
72%
Chess piece that can move sideways and up and down Rook
69%
Finish the saying a penny saved is a penny____ Earned
66%
(8+3)^2 121
59%
Place with the most bears Canada
59%
Singer of the band who performed under pressure, and somebody to love Freddie mercury
59%
Highest mountain in the USA Denali
57%
It’s the powerhouse of the cell Mitochondria
38%
All team leading scorer of they NBA Lebron James
34%
Country with the highest average elevation Bhutan
31%
What city produces the most Hershey kisses Hershey
31%
And what state is that in Pennsylvania
29%
The number one best selling rapper of all time 2pac
26%
Most common last name in china Wang
22%
Where is the strongest human muscle located Jaw
14%
No matching quizzes found
Score Distribution
Percent of People with Each Score
Percentile by Number Answered
Your Score History
You have not taken this quiz